| 000 | 00988cab a2200241 4500 | ||
|---|---|---|---|
| 001 | ABS54956 | ||
| 008 | 090401t1996 xxu||||| |||| 00| 0 eng d | ||
| 035 | _a(Sirsi) u13355 | ||
| 041 | _aeng | ||
| 100 | _aWhitmore, J. | ||
| 245 | 4 | _aThe prospects for property investors | |
| 260 | _c1996 | ||
| 350 | _a0 | ||
| 490 |
_aAccountancy Age _v25 April 1996, 16-17(2) |
||
| 520 | _aLooks at the reasons why property is not so attractive to institutional investors, identifies three main problems hindering a revival in investment: the minimum solvency requirement, valuation and illiquidity and proposes changes to be made by property companies, investors and the chartered surveying industry if a reversal in the current trend is to be secured. | ||
| 650 | _aILLIQUIDITY | ||
| 650 | _aINSTITUTIONAL INVESTMENT | ||
| 650 | _aMINIMUM SOLVENCY REQUIREMENT | ||
| 650 | _aPROPERTY INVESTMENT | ||
| 690 | _aPROPERTY-PROPERTY FINANCE AND INVESTMENT | ||
| 942 | _n0 | ||
| 948 | _c04/03/1997 | ||
| 999 |
_c8610 _d8610 |
||